| 000 | 00456nam a2200169Ia 4500 | ||
|---|---|---|---|
| 008 | 151213s9999 xx 000 0 und d | ||
| 020 | _a984-875928-9 | ||
| 082 |
_a515.9 _b515.9 |
||
| 100 | _aProf.Dr.Md.Fazlur Rahman | ||
| 245 |
_aComplex Analysis _cProf.Dr.Md.Fazlur Rahman |
||
| 260 |
_aDhaka _bTitas Publications _c2008 |
||
| 300 | _a10474 p. | ||
| 650 | _aMathematics | ||
| 650 | _aMathematics | ||
| 700 | _aProf.Dr.Md.Fazlur Rahman | ||
| 999 |
_c4858 _d4858 |
||